[Event "Seniorenkampioenschap 2013"]
[Site "Oosterbeek, Netherlands"]
[Date "2013.07.09"]
[Round "4"]
[White "Huysman, Arie"]
[Black "Klein, Ron"]
[Result "1/2-1/2"]
[WhiteElo "1976"]
[BlackElo "2019"]
[PlyCount "30"]
[EventDate "2013.??.??"]

1. e4 d5 2. exd5 Qxd5 3. Nf3 Nf6 4. d4 Bg4 5. Be2 e6 6. O-O c6 7. c4 Qd8 8. Be3
Nbd7 9. Nc3 Be7 10. d5 exd5 11. cxd5 cxd5 12. Nxd5 O-O 13. Qb3 Nxd5 14. Qxd5
Nc5 15. Qxd8 Rfxd8 1/2-1/2

[Event "Seniorenkampioenschap 2013"]
[Site "Oosterbeek, Netherlands"]
[Date "2013.07.09"]
[Round "4"]
[White "Toorman, Jan"]
[Black "Goossen, Theo"]
[Result "1/2-1/2"]
[WhiteElo "1982"]
[BlackElo "1996"]
[PlyCount "128"]
[EventDate "2013.??.??"]

1. e4 c5 2. Nf3 Nc6 3. d4 cxd4 4. Nxd4 g6 5. Be3 Bg7 6. Nc3 Nf6 7. Nb3 d6 8.
Be2 h5 9. h3 a6 10. a4 Be6 11. Nd4 Bd7 12. O-O O-O 13. Qd2 Qa5 14. Nb3 Qc7 15.
a5 Be6 16. Nd5 Bxd5 17. exd5 Ne5 18. Bb6 Qc8 19. Ra4 Nfd7 20. Be3 Nc5 21. Nxc5
dxc5 22. f4 Nd7 23. c4 Nf6 24. Bf3 Qd7 25. Ra3 Rac8 26. Qf2 Qc7 27. Re1 Ne8 28.
Ra2 Nd6 29. Qf1 Nf5 30. Bd2 Bd4+ 31. Kh2 Bf6 32. Be4 Nd6 33. Bd3 Kg7 34. Re3
Rh8 35. Kh1 Rce8 36. Qe1 Rb8 37. Bc3 Rhe8 38. Be5 Qd7 39. Qc3 Nf5 40. Bxf5 Qxf5
41. Qd3 Qxd3 42. Rxd3 Bxe5 43. fxe5 b5 44. axb6 Rxb6 45. Rda3 Rb4 46. b3 Reb8
47. Rxa6 Rxb3 48. e6 Rb1+ 49. Kh2 Rf1 50. exf7 Rbb1 51. Kg3 Rb3+ 52. Kh2 Rbb1
53. h4 Rbc1 54. Re6 Rxc4 55. g3 Kxf7 56. Rae2 Rd4 57. Rxe7+ Kg8 58. Kg2 Rf7 59.
R7e6 Kg7 60. d6 Rd5 61. Rf2 Rxf2+ 62. Kxf2 Kf7 63. Re7+ Kf6 64. Rc7 Ke5 1/2-1/2

[Event "Seniorenkampioenschap 2013"]
[Site "Oosterbeek, Netherlands"]
[Date "2013.07.09"]
[Round "4"]
[White "Smeets, Pierre"]
[Black "Vlam, Horatio"]
[Result "1/2-1/2"]
[WhiteElo "2051"]
[BlackElo "2075"]
[PlyCount "36"]
[EventDate "2013.??.??"]

1. d4 g6 2. Nf3 Nf6 3. Bg5 Bg7 4. Nbd2 O-O 5. c3 d6 6. e4 Nc6 7. Bb5 Bd7 8. O-O
Re8 9. a4 e5 10. Re1 h6 11. Bh4 Nh5 12. dxe5 Nxe5 13. Nxe5 Bxb5 14. Nxg6 fxg6
15. Qb3+ Kh7 16. axb5 g5 17. Bg3 Nf4 18. Qc4 Be5 1/2-1/2

[Event "Seniorenkampioenschap 2013"]
[Site "Oosterbeek, Netherlands"]
[Date "2013.07.10"]
[Round "5"]
[White "Schouten, Nico"]
[Black "Broekman, Willem"]
[Result "1-0"]
[WhiteElo "2160"]
[BlackElo "2007"]
[PlyCount "63"]
[EventDate "2013.??.??"]

1. d4 d5 2. c4 e6 3. Nc3 Nf6 4. Bg5 c6 5. e3 Nbd7 6. Nf3 Qa5 7. Bxf6 Nxf6 8.
Bd3 dxc4 9. Bxc4 Bd6 10. O-O O-O 11. Rc1 Rd8 12. Qc2 Bd7 13. Bd3 g6 14. a3 Qh5
15. Be2 Qh6 16. Rfd1 c5 17. dxc5 Bxc5 18. Ne5 Be8 19. Bf3 Bxe3 20. Bxb7 Bf4 21.
Nf3 Rab8 22. Rxd8 Rxd8 23. Ne4 Nxe4 24. Qxe4 Bb5 25. Re1 Rd3 26. g3 Bd2 27. Rd1
Rd6 28. Qc2 Bf4 29. gxf4 Qxf4 30. Rxd6 Qxd6 31. b4 Qd7 32. Qc8+ 1-0

[Event "Seniorenkampioenschap 2013"]
[Site "Oosterbeek, Netherlands"]
[Date "2013.07.10"]
[Round "5"]
[White "Van Wageningen, Arie"]
[Black "Van Oosten, Arend"]
[Result "0-1"]
[WhiteElo "2100"]
[BlackElo "2143"]
[PlyCount "68"]
[EventDate "2013.??.??"]

1. Nf3 d5 2. d4 Nc6 3. c4 Bg4 4. Nc3 Bxf3 5. gxf3 e6 6. Bf4 Bd6 7. Bg3 Bxg3 8.
hxg3 dxc4 9. e3 Qf6 10. Ne4 Qe7 11. Bxc4 Qb4+ 12. Nd2 Nge7 13. Qc2 h5 14. O-O-O
O-O-O 15. Nb3 Na5 16. Nxa5 Qxa5 17. Rd3 Kb8 18. Rb3 c6 19. Kb1 Qf5 20. Bd3 Qf6
21. Be4 Rc8 22. Qc5 Nd5 23. Qd6+ Rc7 24. Bxd5 Rd8 25. Qe5 Qxe5 26. dxe5 Rxd5
27. Rxh5 Rd2 28. Rh2 Rcd7 29. Rc3 Re2 30. a3 Rdd2 31. Rb3 a5 32. Rh8+ Ka7 33.
Rf8 Rd1+ 34. Ka2 Ree1 0-1

[Event "Seniorenkampioenschap 2013"]
[Site "Oosterbeek, Netherlands"]
[Date "2013.07.10"]
[Round "5"]
[White "Jonkman, Fokke"]
[Black "Van Lanen, Toon"]
[Result "1/2-1/2"]
[WhiteElo "2131"]
[BlackElo "2098"]
[PlyCount "41"]
[EventDate "2013.??.??"]

1. c4 e5 2. Nc3 Nc6 3. Nf3 Nf6 4. a3 d5 5. cxd5 Nxd5 6. Qc2 Be7 7. e3 Nb6 8.
Bb5 Bd7 9. O-O Bd6 10. Ne4 Qe7 11. Bd3 g6 12. Nxd6+ cxd6 13. b4 Rc8 14. Qb1 d5
15. b5 Na5 16. Be2 O-O 17. d3 e4 18. dxe4 dxe4 19. Nd2 Nbc4 20. a4 Rfe8 21.
Nxc4 1/2-1/2

[Event "Seniorenkampioenschap 2013"]
[Site "Oosterbeek, Netherlands"]
[Date "2013.07.10"]
[Round "5"]
[White "Vogel, Jaap"]
[Black "Mostertman, Loek"]
[Result "1-0"]
[WhiteElo "2196"]
[BlackElo "1993"]
[PlyCount "99"]
[EventDate "2013.??.??"]

1. d4 Nf6 2. Nf3 g6 3. g3 Bg7 4. Bg2 O-O 5. O-O d6 6. c4 Nc6 7. Nc3 e5 8. e3
Bg4 9. h3 Bxf3 10. Bxf3 Nd7 11. d5 Ne7 12. Rb1 a5 13. a3 f5 14. e4 Nf6 15. b4
axb4 16. axb4 fxe4 17. Nxe4 Nxe4 18. Bxe4 Nf5 19. c5 Nd4 20. Qd3 Ra2 21. Be3
Qa8 22. Kg2 Qa4 23. h4 Nc2 24. Bd2 Nd4 25. h5 Qb5 26. Qxb5 Nxb5 27. Rbd1 gxh5
28. Rh1 h6 29. Rxh5 Rb2 30. Bd3 Nd4 31. Be3 Rxb4 32. cxd6 cxd6 33. Bxh6 Bxh6
34. Rxh6 Rb2 35. Rg6+ Kf7 36. Rc1 b5 37. Rc7+ Ke8 38. Rc8+ Kf7 39. Rxf8+ Kxf8
40. Rxd6 Rd2 41. Bg6 Ke7 42. Rb6 Rb2 43. d6+ Kd7 44. Bh5 b4 45. Bg4+ Ne6 46.
Rb5 Rd2 47. Rxe5 Rxd6 48. Re4 b3 49. Bxe6+ Rxe6 50. Rb4 1-0

[Event "Seniorenkampioenschap 2013"]
[Site "Oosterbeek, Netherlands"]
[Date "2013.07.10"]
[Round "5"]
[White "Algera, Symon"]
[Black "Van den Berg, Ad"]
[Result "1-0"]
[WhiteElo "1985"]
[BlackElo "2176"]
[PlyCount "41"]
[EventDate "2013.??.??"]

1. d4 g6 2. e4 Bg7 3. Nc3 d6 4. Be3 c6 5. Qd2 b5 6. Bd3 a6 7. Nce2 Nd7 8. h4 h5
9. Nh3 e5 10. a4 Bb7 11. Ng5 exd4 12. Bxd4 Bxd4 13. Nxd4 c5 14. Ndf3 c4 15. Be2
Qb6 16. Rd1 Ngf6 17. Qf4 Ne5 18. Qxf6 Qxf2+ 19. Kxf2 Ng4+ 20. Kg3 Nxf6 21. Rxd6
1-0

[Event "Seniorenkampioenschap 2013"]
[Site "Oosterbeek, Netherlands"]
[Date "2013.07.10"]
[Round "5"]
[White "Pols, Leendert"]
[Black "Van Leeuwen, Etienne"]
[Result "1-0"]
[WhiteElo "1960"]
[BlackElo "2061"]
[PlyCount "61"]
[EventDate "2013.??.??"]

1. d4 Nf6 2. c4 g6 3. Nc3 d5 4. Bg5 Ne4 5. Bh4 c5 6. e3 Nc6 7. cxd5 Nxc3 8.
bxc3 Qxd5 9. Nf3 cxd4 10. Nxd4 Nxd4 11. Qxd4 Qxd4 12. cxd4 e6 13. Rb1 b6 14.
Bf6 Rg8 15. Be2 Bd7 16. Ba6 Bg7 17. Bh4 Bc8 18. Be2 Bd7 19. O-O f6 20. Ba6 Bc8
21. Bc4 Bd7 22. Ba6 Bc8 23. Bc4 Bd7 24. Rfc1 Rc8 25. Ba6 Rxc1+ 26. Rxc1 Kd8 27.
Bg3 e5 28. dxe5 fxe5 29. Bh4+ Ke8 30. Rc7 Rf8 31. Rxa7 1-0

[Event "Seniorenkampioenschap 2013"]
[Site "Oosterbeek, Netherlands"]
[Date "2013.07.10"]
[Round "5"]
[White "Piket, Joop"]
[Black "Markus, John"]
[Result "1/2-1/2"]
[WhiteElo "2056"]
[BlackElo "2016"]
[PlyCount "46"]
[EventDate "2013.??.??"]

1. d4 d5 2. Bg5 Nf6 3. Bxf6 exf6 4. e3 Bd6 5. Bd3 O-O 6. Ne2 f5 7. Nd2 c6 8.
Ng3 g6 9. c4 f4 10. exf4 Re8+ 11. Ne2 Bxf4 12. O-O Bh6 13. cxd5 cxd5 14. Nf3
Nc6 15. h3 Qf6 16. Nc3 Be6 17. Bb5 Red8 18. Bxc6 bxc6 19. Na4 Bf4 20. a3 Bf5
21. Re1 h5 22. Ne5 a5 23. Nc5 Bxe5 1/2-1/2

[Event "Seniorenkampioenschap 2013"]
[Site "Oosterbeek, Netherlands"]
[Date "2013.07.10"]
[Round "5"]
[White "Haggeman, Henny"]
[Black "Hagendijk, Klaas"]
[Result "0-1"]
[WhiteElo "1897"]
[BlackElo "1945"]
[PlyCount "36"]
[EventDate "2013.??.??"]

1. e4 e5 2. Bc4 Nf6 3. d3 Bc5 4. Nf3 d6 5. O-O O-O 6. c3 Bb6 7. h3 c6 8. Bb3
Nbd7 9. Bg5 Nc5 10. Bc2 Ne6 11. Bh4 Nf4 12. Nbd2 Nxh3+ 13. gxh3 Qd7 14. Nc4
Qxh3 15. Nxb6 Bg4 16. Bg3 axb6 17. Qe2 Nh5 18. d4 Nf4 0-1

[Event "Seniorenkampioenschap 2013"]
[Site "Oosterbeek, Netherlands"]
[Date "2013.07.10"]
[Round "5"]
[White "Landsbergen, Ron"]
[Black "Etmans, Maarten"]
[Result "1/2-1/2"]
[WhiteElo "1975"]
[BlackElo "2115"]
[PlyCount "68"]
[EventDate "2013.??.??"]

1. e4 Nc6 2. Bc4 e6 3. Nf3 d5 4. exd5 exd5 5. Bb5 Bg4 6. d4 Qf6 7. Be3 Bxf3 8.
Qxf3 Qxf3 9. gxf3 Nge7 10. c3 a6 11. Bd3 Ng6 12. Nd2 Bd6 13. Nf1 O-O 14. Ng3
Nf4 15. Bxf4 Bxf4 16. O-O g6 17. Ne2 Bh6 18. f4 Rfe8 19. f5 Re7 20. fxg6 hxg6
21. Ng3 Rae8 22. Rfd1 Nd8 23. Kf1 Ne6 24. Re1 Nf4 25. Bc2 Kg7 26. Rxe7 Rxe7 27.
Re1 Rxe1+ 28. Kxe1 Kf6 29. b3 Kg5 30. c4 c6 31. cxd5 cxd5 32. Bd1 Bg7 33. Bf3
Bxd4 34. Ne2 Be5 1/2-1/2

[Event "Seniorenkampioenschap 2013"]
[Site "Oosterbeek, Netherlands"]
[Date "2013.07.10"]
[Round "5"]
[White "Klein, Ron"]
[Black "Burer, Audry"]
[Result "1/2-1/2"]
[WhiteElo "2019"]
[BlackElo "1917"]
[PlyCount "34"]
[EventDate "2013.??.??"]

1. d4 Nf6 2. Bg5 g6 3. Bxf6 exf6 4. e3 Bg7 5. Ne2 d5 6. Nf4 Qd6 7. c4 dxc4 8.
Bxc4 O-O 9. Nc3 c6 10. O-O f5 11. a4 Nd7 12. a5 Nf6 13. Qc2 g5 14. Nfe2 Ng4 15.
Ng3 h5 16. Rfe1 h4 17. Nf1 Be6 1/2-1/2

[Event "Seniorenkampioenschap 2013"]
[Site "Oosterbeek, Netherlands"]
[Date "2013.07.10"]
[Round "5"]
[White "Goossen, Theo"]
[Black "Huysman, Arie"]
[Result "0-1"]
[WhiteElo "1996"]
[BlackElo "1976"]
[PlyCount "64"]
[EventDate "2013.??.??"]

1. e4 e5 2. Nf3 Nc6 3. Bb5 a6 4. Bxc6 dxc6 5. O-O f6 6. d4 exd4 7. Nxd4 Bd6 8.
Be3 Ne7 9. Nc3 O-O 10. Qe2 Qe8 11. f4 Ng6 12. g3 Bd7 13. Rae1 Kh8 14. h4 Rf7
15. h5 Nf8 16. Kg2 Re7 17. h6 Qg6 18. Qf2 Qg4 19. Nf5 Bxf5 20. hxg7+ Rxg7 21.
exf5 Qxf5 22. Rh1 Ne6 23. Rh3 Rag8 24. Rf1 Bb4 25. Ne2 Bc5 26. Bxc5 Nxc5 27.
Qd4 Qxc2 28. Kf3 Qf5 29. Rfh1 Qg4+ 30. Kf2 Re8 31. Nc3 Qf5 32. Ne2 Qe6 0-1

[Event "Seniorenkampioenschap 2013"]
[Site "Oosterbeek, Netherlands"]
[Date "2013.07.10"]
[Round "5"]
[White "Haitsma, Anne"]
[Black "Toorman, Jan"]
[Result "1-0"]
[WhiteElo "1923"]
[BlackElo "1982"]
[PlyCount "113"]
[EventDate "2013.??.??"]

1. d4 Nf6 2. c4 e6 3. Nc3 Bb4 4. e3 b6 5. Nge2 Bb7 6. a3 Bxc3+ 7. Nxc3 O-O 8.
Bd3 d6 9. O-O Nbd7 10. b4 Qe7 11. e4 e5 12. d5 a5 13. Bd2 axb4 14. axb4 Rxa1
15. Qxa1 Ra8 16. Qc1 Ne8 17. Qb2 h6 18. Ra1 Qd8 19. Ra3 Nf8 20. Qa1 g5 21. Be3
f6 22. Rxa8 Qxa8 23. Qxa8 Bxa8 24. Na4 Bb7 25. c5 bxc5 26. Bb5 Kf7 27. bxc5 Bc8
28. c6 f5 29. f3 Nf6 30. Bd3 fxe4 31. fxe4 Ng6 32. g3 Ng4 33. Ba7 Nf6 34. Nc3
Ne7 35. Bb8 Ne8 36. Nb5 Ng8 37. Nxc7 Nxc7 38. Bxc7 Ke7 39. Kg2 Nf6 40. h4 Ne8
41. Bb8 Kd8 42. hxg5 hxg5 43. Kf3 g4+ 44. Ke3 Ke7 45. Ba7 Nf6 46. Kd2 Nh5 47.
Bf2 Kd8 48. Kc3 Kc7 49. Kb4 Nf6 50. Ka5 Ne8 51. Bb6+ Kb8 52. Bd8 Ka7 53. Be7
Ka8 54. Kb6 Kb8 55. Bb5 Nc7 56. Bxd6 Ka8 57. Kxc7 1-0

[Event "Seniorenkampioenschap 2013"]
[Site "Oosterbeek, Netherlands"]
[Date "2013.07.10"]
[Round "5"]
[White "Vlam, Horatio"]
[Black "Thieme, Wim"]
[Result "1-0"]
[WhiteElo "2075"]
[BlackElo "1911"]
[PlyCount "105"]
[EventDate "2013.??.??"]

1. c4 d5 2. cxd5 Qxd5 3. Nf3 g6 4. g3 Bg7 5. Bg2 Qd8 6. O-O Nf6 7. Nc3 c6 8. d3
O-O 9. Be3 Na6 10. Qa4 Ng4 11. Bd2 Nc7 12. Rac1 Be6 13. Rfd1 Ne5 14. Nxe5 Bxe5
15. Bh6 Bg7 16. Bxg7 Kxg7 17. d4 Nd5 18. Nxd5 Bxd5 19. e4 Be6 20. d5 cxd5 21.
exd5 Bd7 22. Qd4+ Kg8 23. d6 exd6 24. Bxb7 Rb8 25. Bc6 Be6 26. b3 Qa5 27. Qa4
Qxa4 28. Bxa4 Rbc8 29. Kg2 Rxc1 30. Rxc1 Rc8 31. Rxc8+ Bxc8 32. Kf3 Kf8 33. Ke4
Ke7 34. b4 h6 35. Bc6 Bf5+ 36. Kd4 f6 37. a4 Be6 38. b5 Kd8 39. Bd5 Bf5 40. Be4
Be6 41. Bxg6 Bb3 42. a5 Kc7 43. Bd3 Be6 44. Be2 Kd7 45. h4 Kc7 46. g4 Kd7 47.
f4 Ke7 48. Bf3 Kd7 49. g5 hxg5 50. fxg5 fxg5 51. hxg5 Ke7 52. b6 axb6 53. a6
1-0

[Event "Seniorenkampioenschap 2013"]
[Site "Oosterbeek, Netherlands"]
[Date "2013.07.10"]
[Round "5"]
[White "Vreugdenhil, Frans"]
[Black "Smeets, Pierre"]
[Result "0-1"]
[WhiteElo "1921"]
[BlackElo "2051"]
[PlyCount "92"]
[EventDate "2013.??.??"]

1. e4 e6 2. Nf3 d5 3. e5 c5 4. b4 cxb4 5. d4 Nc6 6. Bd3 Nge7 7. O-O Nf5 8. a3
Be7 9. c3 bxc3 10. Nxc3 O-O 11. Ne2 Bd7 12. Qc2 Rc8 13. Qb1 Qb6 14. Qxb6 axb6
15. Rb1 Bd8 16. g4 Nfe7 17. Ng5 h6 18. Nh3 Na5 19. f4 Ba4 20. f5 Bc2 21. Bxc2
Rxc2 22. Rb2 Rxb2 23. Bxb2 Nc4 24. Bc1 Nc6 25. Nhf4 Bg5 26. fxe6 fxe6 27. Nxe6
Rxf1+ 28. Kxf1 Bxc1 29. Nxc1 Kf7 30. Nf4 Nxd4 31. Nxd5 Ke6 32. Nc7+ Kxe5 33.
Nd3+ Ke4 34. Nf2+ Kf3 35. Ne8 Ne3+ 36. Ke1 Ndc2+ 37. Kd2 Kxf2 38. Nxg7 Nxa3 39.
h3 Nac4+ 40. Kc3 Kg3 41. g5 hxg5 42. Ne6 Kxh3 43. Nxg5+ Kg4 44. Ne6 Kf5 45. Nd8
Nd6 46. Kd4 Kf6 0-1

[Event "Seniorenkampioenschap 2013"]
[Site "Oosterbeek, Netherlands"]
[Date "2013.07.11"]
[Round "6"]
[White "Vogel, Jaap"]
[Black "Schouten, Nico"]
[Result "1/2-1/2"]
[WhiteElo "2196"]
[BlackElo "2160"]
[PlyCount "73"]
[EventDate "2013.??.??"]

1. d4 Nf6 2. Nf3 g6 3. g3 Bg7 4. Bg2 O-O 5. O-O d6 6. c4 Na6 7. Nc3 c5 8. e3
Bd7 9. b3 Bc6 10. Bb2 Ne4 11. Nd5 Nc7 12. Nf4 Rb8 13. Qc2 b5 14. Rab1 bxc4 15.
bxc4 Qd7 16. h4 Na6 17. a3 cxd4 18. exd4 Nf6 19. Rfe1 Rfc8 20. Bh3 Ng4 21. Qe2
Bxf3 22. Qxf3 h5 23. Qe2 e5 24. Nd5 f5 25. Bxg4 hxg4 26. Ba1 Rxb1 27. Rxb1 Re8
28. Qd2 Qf7 29. Qa5 Nb8 30. Qc7 Qxc7 31. Nxc7 Rc8 32. Ne6 Nc6 33. Rb7 Bf6 34.
d5 Na5 35. Rxa7 Nxc4 36. Bc3 Nb6 37. Bb4 1/2-1/2

[Event "Seniorenkampioenschap 2013"]
[Site "Oosterbeek, Netherlands"]
[Date "2013.07.11"]
[Round "6"]
[White "Van Oosten, Arend"]
[Black "Pols, Leendert"]
[Result "1-0"]
[WhiteElo "2143"]
[BlackElo "1960"]
[PlyCount "55"]
[EventDate "2013.??.??"]

1. e4 e6 2. d4 d5 3. Nd2 dxe4 4. Nxe4 Nd7 5. Nf3 Ngf6 6. Nxf6+ Nxf6 7. Bg5 Be7
8. Bd3 h6 9. Bh4 O-O 10. Qe2 Re8 11. O-O-O Nd7 12. Bxe7 Qxe7 13. Rhe1 Nf6 14.
c4 Kf8 15. Ne5 Kg8 16. f4 Bd7 17. g4 Bc6 18. g5 hxg5 19. fxg5 Nh7 20. h4 f5 21.
gxf6 Nxf6 22. Bg6 Rf8 23. Nxc6 bxc6 24. Qxe6+ Qxe6 25. Rxe6 Ng4 26. Rxc6 Rf6
27. Rxf6 gxf6 28. Rg1 1-0

[Event "Seniorenkampioenschap 2013"]
[Site "Oosterbeek, Netherlands"]
[Date "2013.07.11"]
[Round "6"]
[White "Algera, Symon"]
[Black "Jonkman, Fokke"]
[Result "1-0"]
[WhiteElo "1985"]
[BlackElo "2131"]
[PlyCount "133"]
[EventDate "2013.??.??"]

1. d4 c5 2. dxc5 e6 3. Nc3 Nf6 4. e4 Nc6 5. Be3 Qa5 6. Bd3 Bxc5 7. Bxc5 Qxc5 8.
Nf3 Ng4 9. O-O a6 10. Nd2 Nge5 11. Be2 Nd4 12. Kh1 Nxe2 13. Qxe2 b5 14. f4 Nc4
15. Nxc4 bxc4 16. Qg4 g6 17. Rad1 Bb7 18. Qh4 Qe7 19. Qf2 Rc8 20. Qb6 Rb8 21.
Qc7 Qd8 22. Qd6 Rc8 23. Nd5 Bxd5 24. exd5 Qc7 25. dxe6 fxe6 26. Qxa6 O-O 27.
Qd6 Qxd6 28. Rxd6 Rc7 29. g3 Rb8 30. b3 cxb3 31. cxb3 Kf7 32. Rfd1 Ke7 33. Kg2
Rbb7 34. Kf3 Rc3+ 35. Kg4 Rc2 36. R6d2 Rbc7 37. Kh4 d5 38. Kg5 Kf7 39. g4 Kg7
40. f5 h6+ 41. Kf4 Kf6 42. fxe6 g5+ 43. Ke3 Rxd2 44. Rxd2 Kxe6 45. Kd4 Rc1 46.
a4 Kd6 47. Rf2 Rd1+ 48. Kc3 Ke5 49. a5 d4+ 50. Kc2 Rh1 51. b4 Ke4 52. Re2+ Kf3
53. Rd2 Ke3 54. Rd3+ Ke4 55. Rh3 Ra1 56. Kb2 Ra4 57. Kb3 Ra1 58. Rxh6 Rb1+ 59.
Kc4 Rc1+ 60. Kb5 d3 61. Rd6 Ke3 62. a6 d2 63. a7 Ra1 64. Kb6 Ke2 65. Kb7 d1=Q
66. Rxd1 Kxd1 67. a8=Q 1-0

[Event "Seniorenkampioenschap 2013"]
[Site "Oosterbeek, Netherlands"]
[Date "2013.07.11"]
[Round "6"]
[White "Markus, John"]
[Black "Van Wageningen, Arie"]
[Result "1/2-1/2"]
[WhiteElo "2016"]
[BlackElo "2100"]
[PlyCount "148"]
[EventDate "2013.??.??"]

1. e4 e6 2. d4 d5 3. Nd2 Nf6 4. e5 Nfd7 5. f4 c5 6. c3 Nc6 7. Ndf3 Qb6 8. a3 a5
9. b3 cxd4 10. cxd4 Be7 11. h4 f6 12. Bd3 Nf8 13. h5 Bd7 14. Ne2 O-O-O 15. Bb2
Kb8 16. g4 fxe5 17. fxe5 g6 18. Bc2 Rg8 19. hxg6 Nxg6 20. g5 Rdf8 21. Qd3 Rf7
22. O-O-O Rgf8 23. Rh3 Na7 24. a4 Nc6 25. Bc3 Nb4 26. Bxb4 Qxb4 27. Rg3 Rc8 28.
Ne1 Rf5 29. Qe3 Qb6 30. Kb2 Bxa4 31. Bxf5 exf5 32. Rc1 Rf8 33. Rh3 f4 34. Qc3
Bd7 35. Rxh7 a4 36. Nd3 f3 37. Nc5 Bc6 38. Ng3 Bxg5 39. Rxb7+ Qxb7 40. Nxb7
Bxc1+ 41. Qxc1 Bxb7 42. Qh6 Rg8 43. Qh7 Ne7 44. Qxe7 Rxg3 45. Qf8+ Ka7 46. e6
f2 47. Qxf2 Rxb3+ 48. Ka2 Bc6 49. Qc2 Kb7 50. Qh7+ Kb6 51. Qh6 Rf3 52. Qh4 Re3
53. Qd8+ Kb7 54. Qd6 Kb6 55. Qb8+ Ka6 56. Qc8+ Kb6 57. Qd8+ Kb7 58. e7 Ka6 59.
Qd6 Kb7 60. Qf6 Kb6 61. Kb2 Kb7 62. Qd6 Kb6 63. Qd8+ Kb7 64. Kc2 a3 65. Kb1 Ka6
66. Ka2 Kb7 67. Qd6 Kb6 68. Qf6 Kb7 69. Qg5 Re4 70. Kxa3 Kc7 71. Qg7 Kd6 72.
Kb3 Re2 73. Qf8 Re1 74. Qf4+ Kd7 {onleesbaar} 1/2-1/2

[Event "Seniorenkampioenschap 2013"]
[Site "Oosterbeek, Netherlands"]
[Date "2013.07.11"]
[Round "6"]
[White "Van Lanen, Toon"]
[Black "Broekman, Willem"]
[Result "1-0"]
[WhiteElo "2098"]
[BlackElo "2007"]
[PlyCount "99"]
[EventDate "2013.??.??"]

1. e4 e6 2. d4 d5 3. Nc3 Bb4 4. exd5 exd5 5. Bd3 Nf6 6. Bg5 O-O 7. Nge2 Bg4 8.
f3 Bh5 9. Qd2 Bg6 10. O-O-O c6 11. h4 Nbd7 12. Bxg6 fxg6 13. h5 gxh5 14. Rxh5
Qa5 15. Rh3 b5 16. Kb1 Nb6 17. Qd3 Nc4 18. Bxf6 Rxf6 19. Qxh7+ Kf7 20. Qh5+ Ke7
21. Rd3 Bxc3 22. Rxc3 Re8 23. Nc1 Kd8 24. Rh1 Rfe6 25. Qh4+ Kc8 26. Nb3 Qb4 27.
Qg4 Kb8 28. Qg3+ Kc8 29. Rd3 a5 30. a3 Qe7 31. Qg4 Kb8 32. Qf4+ Kc8 33. Nc5
Re1+ 34. Rd1 Re2 35. Qg4+ Kc7 36. Qf4+ Kb6 37. g4 b4 38. a4 b3 39. Nxb3 Qb4 40.
Rh2 Rxh2 41. Qxh2 Qxa4 42. Qh5 Re7 43. Nc5 Qb5 44. b3 a4 45. Nxa4+ Ka5 46. Qh8
Rb7 47. Qd8+ Kb4 48. Qf8+ Ka5 49. Qc5 Ne3 50. Re1 1-0

[Event "Seniorenkampioenschap 2013"]
[Site "Oosterbeek, Netherlands"]
[Date "2013.07.11"]
[Round "6"]
[White "Van den Berg, Ad"]
[Black "Haitsma, Anne"]
[Result "1-0"]
[WhiteElo "2176"]
[BlackElo "1923"]
[PlyCount "102"]
[EventDate "2013.??.??"]

1. c4 e5 2. Nc3 Nf6 3. Nf3 Nc6 4. d4 exd4 5. Nxd4 Bb4 6. Bg5 Bxc3+ 7. bxc3 h6
8. Bh4 d6 9. f3 Ne5 10. e3 c6 11. Be2 O-O 12. O-O Ng6 13. Bf2 d5 14. cxd5 Nxd5
15. Qb3 Qe7 16. Rae1 Nb6 17. Bd3 Qf6 18. f4 c5 19. Nb5 Qc6 20. c4 Rd8 21. Rd1
Bg4 22. Rb1 Qd7 23. Be4 Be2 24. Rfc1 f5 25. Bf3 Bxf3 26. gxf3 Qc6 27. e4 Nxf4
28. Qe3 Nh3+ 29. Kg2 Nxf2 30. Kxf2 fxe4 31. fxe4 Rf8+ 32. Kg1 a6 33. Nc3 Nxc4
34. Qg3 Nd2 35. Nd5 Kh7 36. Rb6 Qe8 37. Rxb7 Nf3+ 38. Kg2 Ng5 39. Re7 Qb5 40.
Re1 Qb2+ 41. Kh1 Rf3 42. Qg1 Raf8 43. e5 Qf2 44. Nf6+ Kh8 45. Qxf2 Rxf2 46. Nd7
Rf1+ 47. Rxf1 Rxf1+ 48. Kg2 Ra1 49. Re8+ Kh7 50. e6 Rxa2+ 51. Kg3 c4 {
onleesbaar} 1-0

[Event "Seniorenkampioenschap 2013"]
[Site "Oosterbeek, Netherlands"]
[Date "2013.07.11"]
[Round "6"]
[White "Mostertman, Loek"]
[Black "Vlam, Horatio"]
[Result "0-1"]
[WhiteElo "1993"]
[BlackElo "2075"]
[PlyCount "108"]
[EventDate "2013.??.??"]

1. e4 c5 2. d4 cxd4 3. Nf3 Nc6 4. c3 dxc3 5. Nxc3 e6 6. Bc4 Bb4 7. O-O Nge7 8.
Qe2 O-O 9. Rd1 Bxc3 10. bxc3 d5 11. Bb3 Qa5 12. e5 b6 13. Bf4 Ba6 14. Qd2 Rad8
15. h4 Qb5 16. Nd4 Nxd4 17. cxd4 Rc8 18. Bg5 Nc6 19. Re1 Qd3 20. Rad1 Qxd2 21.
Rxd2 h6 22. Be3 Na5 23. f4 Bc4 24. Bd1 Rc7 25. g4 Ba6 26. f5 Nc4 27. Rc2 Rfc8
28. Bf4 Na3 29. Rd2 Nb5 30. Rg2 Nc3 31. Bf3 Bd3 32. f6 Be4 33. Bxe4 Nxe4 34. g5
hxg5 35. Bxg5 Rc2 36. Rg4 Nxg5 37. Rxg5 g6 38. h5 Rc1 39. Kf2 Rxe1 40. Kxe1 Kh7
41. hxg6+ fxg6 42. Kd2 Kh6 43. Rg1 Rc7 44. Rh1+ Kg5 45. Rh8 a5 46. Re8 Kf5 47.
Re7 Rc8 48. Rb7 g5 49. Rxb6 g4 50. Rb1 Ke4 51. Rb6 g3 52. Ke2 Rc2+ 53. Kf1 Rxa2
54. Rxe6 Kf3 0-1

[Event "Seniorenkampioenschap 2013"]
[Site "Oosterbeek, Netherlands"]
[Date "2013.07.11"]
[Round "6"]
[White "Etmans, Maarten"]
[Black "Burer, Audry"]
[Result "1-0"]
[WhiteElo "2115"]
[BlackElo "1917"]
[PlyCount "151"]
[EventDate "2013.??.??"]

1. e4 c5 2. Nf3 d6 3. Bb5+ Bd7 4. a4 Nf6 5. Qe2 g6 6. O-O Bg7 7. c3 O-O 8. d4
a6 9. Bxd7 Nbxd7 10. e5 Ne8 11. e6 Ndf6 12. exf7+ Rxf7 13. Ng5 Rf8 14. Ne6 Qc8
15. Nxf8 Kxf8 16. Re1 Qc7 17. Na3 cxd4 18. cxd4 Rc8 19. Bd2 Qd7 20. Qf3 d5 21.
Bb4 Nd6 22. Bxd6 Qxd6 23. Rac1 Rd8 24. Qd3 Qb4 25. Kf1 Ne4 26. Nc2 Qxa4 27. f3
Nd6 28. b3 Qd7 29. Re2 Nb5 30. Rce1 Bf6 31. Qe3 Kg8 32. Rd2 Rc8 33. Qe6+ Qxe6
34. Rxe6 Rc3 35. Re3 Rxe3 36. Nxe3 e6 37. Nc2 Kf7 38. Ke2 Ke7 39. Kd3 Kd6 40.
f4 Ke7 41. Ke3 Nd6 42. Rd1 Kd7 43. Kd3 Nb5 44. g4 Nd6 45. Ne1 Ne4 46. Ke3 Nc3
47. Rd3 Nb5 48. Nf3 Bd8 49. Rd2 Nd6 50. Rg2 Bf6 51. Kd3 Ke8 52. h4 Kf8 53. Ne5
Ke7 54. Rh2 Ne4 55. h5 g5 56. fxg5 Bxg5 57. Rc2 Kd8 58. Nf7+ Kd7 59. Ne5+ Kd8
60. Nf7+ Kd7 61. Nxg5 Nxg5 62. h6 Nf7 63. Rh2 e5 64. Rh5 e4+ 65. Ke3 Ke6 66.
Kf4 a5 67. Rh2 Nd6 68. g5 Nf7 69. Rc2 Nd6 70. g6 hxg6 71. h7 Nf7 72. Rc8 b5 73.
h8=Q Nxh8 74. Rxh8 a4 75. bxa4 bxa4 76. Ra8 1-0

[Event "Seniorenkampioenschap 2013"]
[Site "Oosterbeek, Netherlands"]
[Date "2013.07.11"]
[Round "6"]
[White "Smeets, Pierre"]
[Black "Klein, Ron"]
[Result "1-0"]
[WhiteElo "2051"]
[BlackElo "2019"]
[PlyCount "85"]
[EventDate "2013.??.??"]

1. d4 Nf6 2. Nf3 e6 3. Bg5 b6 4. e3 Bb7 5. Nbd2 Be7 6. Bd3 d5 7. c3 Nbd7 8. Qe2
h6 9. Bf4 c5 10. Ne5 Nxe5 11. Bxe5 Qd7 12. O-O O-O 13. Bxf6 Bxf6 14. f4 Qd6 15.
Nf3 Be7 16. Ne5 f6 17. Qh5 Bc6 18. Qg6 f5 19. Qh5 Bf6 20. g4 Be8 21. Qh3 fxg4
22. Qxg4 Qe7 23. Kh1 g5 24. fxg5 hxg5 25. Rf3 Kg7 26. Raf1 cxd4 27. Rxf6 Rxf6
28. Qxg5+ Bg6 29. Rg1 Rh8 30. Nxg6 Rxh2+ 31. Kxh2 Rf2+ 32. Kh3 Qxg5 33. Rxg5
dxe3 34. Nf4+ Kf6 35. Rg6+ Kf7 36. Kg3 e5 37. Nxd5 Rd2 38. Rf6+ Kg7 39. Re6
Rxd3 40. Rxe5 Rd2 41. Nxe3 Rxb2 42. Re7+ Kf6 43. Rxa7 1-0

[Event "Seniorenkampioenschap 2013"]
[Site "Oosterbeek, Netherlands"]
[Date "2013.07.11"]
[Round "6"]
[White "Landsbergen, Ron"]
[Black "Haggeman, Henny"]
[Result "1/2-1/2"]
[WhiteElo "1975"]
[BlackElo "1897"]
[PlyCount "21"]
[EventDate "2013.??.??"]

1. d4 c5 2. c3 cxd4 3. cxd4 g6 4. Nc3 Bg7 5. e4 d6 6. Be3 Nf6 7. h3 O-O 8. Be2
Nc6 9. Nf3 a6 10. a4 d5 11. exd5 1/2-1/2